00523nam a2200181Ia 450000500170000000800410001702000160005808200130007410000190008724500360010626000490014230000130019165000140020465000090021894200060022795200950023399900130032820240625051232.0240331s9999 xx 000 0 und d a0691020779  a100bSTR aStrenski, Ivan 0aMalinowski and the work of myth aNew JerseybPrinceton University Pressc1992 a181 p ., aEthnology amyth cL 001040708LaWERCLbWERCLcSSCd2024-03-31l0o 100 STRp1096r2024-03-31w2024-03-31yL c690d690